[Event "4NCL Division 1b"]
[Site "Birmingham, ENG ENG"]
[Date "2016.02.13"]
[Round "5.166"]
[White "Murphy, Hugh W"]
[Black "Ledger, Dave J"]
[Result "0-1"]
[WhiteElo "2140"]
[BlackElo "2236"]
[PlyCount "114"]
[EventDate "2016.02.13"]
[WhiteTeam "Grantham Sharks 1"]
[BlackTeam "Blackthorne Russia"]

1. d4 Nf6 2. Nf3 g6 3. Nbd2 Bg7 4. e4 d6 5. c3 O-O 6. Be2 e5 7. O-O Nc6 8. dxe5
dxe5 9. Qc2 Nh5 10. g3 Qe7 11. Nc4 Nd8 12. b3 f5 13. Ba3 c5 14. Rad1 b6 15. Nd6
f4 16. Nxc8 Rxc8 17. Qd3 Nf6 18. Qc4+ Kh8 19. Bc1 Nf7 20. Qa4 g5 21. h3 h5 22.
Nh2 Nd6 23. Bf3 b5 24. Qa6 Ndxe4 25. Rde1 Nxc3 26. gxf4 gxf4 27. Bxf4 Nfd5 28.
Bd2 e4 29. Qg6 Qe8 30. Qg5 b4 31. Bxh5 Qe5 32. Qh4 Bf6 33. Ng4 Rg8 34. Kh1 Bxh4
35. Nxe5 Bf6 36. Nf7+ Kh7 37. Nd6 Rcd8 38. Nxe4 Nxe4 39. Rxe4 Nc3 40. Re6 Rxd2
41. Rxf6 Rxa2 42. Re1 Rg7 43. Ree6 Rc7 44. Rh6+ Kg8 45. Re8+ Kg7 46. Reh8 Nd5
47. Bf3 Nf6 48. Be4 Re7 49. f3 c4 50. bxc4 b3 51. Rh4 b2 52. Rb8 Nxe4 53. Rg4+
Kf7 54. fxe4 Re6 55. c5 Rb6 56. Rxb6 axb6 57. Rg1 Ra1 0-1

[Event "4NCL Division 1b"]
[Site "Birmingham, ENG ENG"]
[Date "2016.02.13"]
[Round "5.167"]
[White "Ledger, Stephen C"]
[Black "Purton, Ben J"]
[Result "1/2-1/2"]
[WhiteElo "2177"]
[BlackElo "2177"]
[PlyCount "68"]
[EventDate "2016.02.13"]
[WhiteTeam "Blackthorne Russia"]
[BlackTeam "Grantham Sharks 1"]

1. d4 Nf6 2. Bg5 e6 3. Nf3 d5 4. e3 Be7 5. Nbd2 Nbd7 6. Bd3 b6 7. c3 Bb7 8. O-O
h6 9. Bh4 O-O 10. Ne5 Nxe5 11. dxe5 Nd7 12. Bxe7 Qxe7 13. f4 f6 14. exf6 Rxf6
15. e4 Raf8 16. Qg4 Nc5 17. e5 Nxd3 18. exf6 Rxf6 19. Nb3 Nxb2 20. Rae1 c5 21.
Qe2 Nc4 22. Nd2 Nd6 23. Qe5 Qf8 24. g4 Ba6 25. Rf2 Nf7 26. Qe3 Qd6 27. h4 g5
28. fxg5 Rxf2 29. Qxf2 hxg5 30. Qh2 Qxh2+ 31. Kxh2 Bc8 32. Nf3 gxh4 33. Kh3 Kg7
34. Kxh4 Nd6 1/2-1/2

[Event "4NCL Division 1b"]
[Site "Birmingham, ENG ENG"]
[Date "2016.02.13"]
[Round "5.168"]
[White "Messam-Sparks, Lateefah"]
[Black "Atkins, Rita"]
[Result "1/2-1/2"]
[WhiteElo "1945"]
[BlackElo "2103"]
[PlyCount "69"]
[EventDate "2016.02.13"]
[WhiteTeam "Grantham Sharks 1"]
[BlackTeam "Blackthorne Russia"]

1. d4 d6 2. c4 e5 3. dxe5 dxe5 4. Qxd8+ Kxd8 5. e4 Nc6 6. Bd2 Nd4 7. Bd3 f6 8.
Nc3 c6 9. Nge2 Be6 10. Nxd4 exd4 11. Ne2 c5 12. Nf4 Bf7 13. O-O Bd6 14. Nd5 Ne7
15. Rae1 Re8 16. a3 Rb8 17. f4 Nxd5 18. exd5 g6 19. b3 b5 20. Rb1 Re7 21. g3
Reb7 22. Ba5+ Kd7 23. Rfe1 bxc4 24. Bxc4 Re8 25. a4 Rxe1+ 26. Rxe1 Bc7 27. d6
Kxd6 28. Bxf7 Bxa5 29. Re6+ Kd7 30. Rxf6 Ke7 31. Bd5 Kxf6 32. Bxb7 g5 33. fxg5+
Kxg5 34. Be4 h6 35. Kg2 1/2-1/2

[Event "4NCL Division 1b"]
[Site "Birmingham, ENG ENG"]
[Date "2016.02.13"]
[Round "5.171"]
[White "Merry, Alan B"]
[Black "Haria, Ravi"]
[Result "0-1"]
[WhiteElo "2380"]
[BlackElo "2395"]
[PlyCount "156"]
[EventDate "2016.02.13"]
[WhiteTeam "Barbican 4NCL 2"]
[BlackTeam "Cambridge University 1"]

1. e4 e6 2. d4 d5 3. Nc3 Bb4 4. e5 Ne7 5. a3 Bxc3+ 6. bxc3 b6 7. Qg4 Ng6 8. h4
h5 9. Qg3 Ba6 10. Bxa6 Nxa6 11. Ne2 c5 12. Bg5 Qc8 13. O-O cxd4 14. cxd4 Qc4
15. Qf3 Rc8 16. Rad1 Nb8 17. Ng3 Nc6 18. Nxh5 Rxh5 19. Qxh5 Nxd4 20. Rd2 Nf5
21. Re1 Nfxh4 22. Qd1 Nf5 23. g4 Nfe7 24. Qe2 Qxe2 25. Rexe2 Rc4 26. f3 Nc6 27.
Kg2 Ncxe5 28. f4 Rxf4 29. Bxf4 Nxf4+ 30. Kg3 Nxe2+ 31. Rxe2 Nc4 32. a4 Ke7 33.
Rh2 e5 34. g5 Ke6 35. Rh7 Nd6 36. Kg4 Nf5 37. c3 a5 38. Rh8 Ne3+ 39. Kf3 Nc4
40. Rb8 Kf5 41. Rb7 e4+ 42. Kg3 f6 43. Rxg7 fxg5 44. Rf7+ Ke6 45. Rg7 Kd6 46.
Rxg5 Nb2 47. Kf4 Kc5 48. Rg8 Nxa4 49. Rc8+ Kd6 50. c4 dxc4 51. Kxe4 b5 52. Kd4
c3 53. Rh8 b4 54. Rh6+ Kc7 55. Kc4 Nb6+ 56. Kb3 Nd7 57. Rh2 Kc6 58. Kc4 Ne5+
59. Kb3 Kd5 60. Rh5 Kd4 61. Rh4+ Ke3 62. Rh5 Ke4 63. Rh4+ Kd5 64. Rh5 Ke4 65.
Rh4+ Ke3 66. Rh5 Nc6 67. Rh3+ Kd4 68. Rh4+ Kc5 69. Rh5+ Kb6 70. Rh6 a4+ 71.
Kxa4 Kc5 72. Rh5+ Kc4 73. Rh4+ Nd4 74. Rh8 b3 75. Rc8+ Kd3 76. Ka3 b2 77. Ka2
Kc2 78. Rb8 Ne2 0-1

[Event "4NCL Division 1b"]
[Site "Birmingham, ENG ENG"]
[Date "2016.02.13"]
[Round "5.172"]
[White "Bisby, Daniel L"]
[Black "Sanders, Isaac B"]
[Result "1/2-1/2"]
[WhiteElo "2287"]
[BlackElo "2351"]
[PlyCount "122"]
[EventDate "2016.02.13"]
[WhiteTeam "Cambridge University 1"]
[BlackTeam "Barbican 4NCL 2"]

1. e4 e5 2. Nf3 Nc6 3. Bb5 Nge7 4. Nc3 g6 5. h4 h6 6. d4 exd4 7. Nxd4 Bg7 8.
Be3 O-O 9. Qd2 Kh7 10. O-O-O Ne5 11. f4 Ng4 12. h5 d5 13. Nf3 c6 14. Be2 Nxe3
15. Qxe3 Qb6 16. Qd2 dxe4 17. hxg6+ Nxg6 18. Ng5+ Kg8 19. Ngxe4 Be6 20. f5 Bxf5
21. Nd6 Rad8 22. Bc4 Be5 23. Rdf1 Nf4 24. Rxh6 Bg6 25. Rxg6+ Nxg6 26. Rxf7 Rxf7
27. Bxf7+ Kg7 28. Bxg6 Kxg6 29. Qd3+ Kg7 30. Nf5+ Kf6 31. Ne4+ Kxf5 32. Ng3+
Ke6 33. Qf5+ Kd6 34. Ne4+ Kc7 35. Qxe5+ Kc8 36. Nc5 Qb5 37. b3 Qf1+ 38. Kb2 Qf7
39. Ne4 Qd7 40. c3 b6 41. g4 Qd5 42. Qe7 Rd7 43. Qe8+ Kc7 44. a4 a5 45. g5 Qf5
46. g6 Rg7 47. Qh8 Rxg6 48. Qh7+ Kd8 49. Qh8+ Ke7 50. Qd4 c5 51. Qe3 Re6 52.
Ng3 Qd5 53. Qf4 Kd7 54. Qf7+ Kc6 55. Ka3 c4 56. Nf5 Qc5+ 57. b4 axb4+ 58. cxb4
Re3+ 59. Ka2 Re2+ 60. Ka3 Re3+ 61. Ka2 Re2+ 1/2-1/2

[Event "4NCL Division 1b"]
[Site "Birmingham, ENG ENG"]
[Date "2016.02.13"]
[Round "5.173"]
[White "Poobalasingam, Peter S"]
[Black "Bukojemski, Adam"]
[Result "0-1"]
[WhiteElo "2255"]
[BlackElo "2241"]
[PlyCount "78"]
[EventDate "2016.02.13"]
[WhiteTeam "Barbican 4NCL 2"]
[BlackTeam "Cambridge University 1"]

1. d4 Nf6 2. c4 g6 3. Nf3 Bg7 4. e3 d6 5. Be2 O-O 6. O-O c6 7. Nc3 Qa5 8. Bd2
Qc7 9. Rc1 e5 10. c5 dxc5 11. Nxe5 Be6 12. Nf3 c4 13. Ng5 b5 14. Bf3 Nbd7 15.
e4 Nb6 16. Ne2 Rad8 17. Qc2 Bc8 18. e5 Nfd5 19. b3 f6 20. exf6 Rxf6 21. Ng3 h6
22. N5e4 Rff8 23. Rfd1 Nf4 24. Bxf4 Qxf4 25. a4 Qf7 26. a5 cxb3 27. Qxc6 b2 28.
Rb1 Nc4 29. Nc3 a6 30. Bd5 Rxd5 31. Qxd5 Be6 32. Qf3 Qxf3 33. gxf3 Rxf3 34.
Nce4 Ra3 35. f3 Ra1 36. Nc3 Bxd4+ 37. Rxd4 Na3 38. Rdd1 Nxb1 39. Rxb1 Ba2 0-1

[Event "4NCL Division 1b"]
[Site "Birmingham, ENG ENG"]
[Date "2016.02.13"]
[Round "5.174"]
[White "Eckersley-Waites, Adam"]
[Black "Goldie, Thomas"]
[Result "1-0"]
[WhiteElo "2271"]
[BlackElo "2217"]
[PlyCount "121"]
[EventDate "2016.02.13"]
[WhiteTeam "Cambridge University 1"]
[BlackTeam "Barbican 4NCL 2"]

1. e4 c5 2. Nf3 d6 3. d4 cxd4 4. Nxd4 Nf6 5. Nc3 a6 6. Bg5 e6 7. f4 Qb6 8. Qd2
Nc6 9. Bxf6 gxf6 10. Nb3 Bd7 11. O-O-O O-O-O 12. Be2 Rg8 13. Bh5 Rg7 14. Kb1
Kb8 15. Rhf1 Rc8 16. Rf3 Be7 17. Rd3 Rc7 18. a3 Na5 19. Nxa5 Qxa5 20. Bf3 Rg8
21. Qf2 Rgc8 22. b4 Qxa3 23. Nd5 Qa4 24. Nxc7 Rxc7 25. Rb3 f5 26. e5 Rc4 27.
Rd4 Bb5 28. Rxc4 Bxc4 29. Rb2 Qb5 30. Qd4 d5 31. c3 a5 32. bxa5 Qxa5 33. Qb6
Qxb6 34. Rxb6 Bc5 35. Rb2 Be3 36. g3 Bd3+ 37. Ka2 Bc4+ 38. Kb1 Bd3+ 39. Ka2 Kc7
40. Be2 Be4 41. Kb3 d4 42. cxd4 Bxd4 43. Rd2 Be3 44. Rd1 Bc5 45. Bh5 b5 46.
Bxf7 Bd5+ 47. Kb2 b4 48. Be8 Kb6 49. Ba4 Bf3 50. Rd2 Be4 51. Bb3 Be3 52. Rd1
Kc5 53. Bxe6 Bd4+ 54. Kb3 Bc3 55. Rd7 h5 56. Bf7 Bc6 57. Rc7 Kb6 58. Rc8 Bf3
59. Rd8 Ka5 60. Rd3 Bc6 61. Rxc3 1-0

[Event "4NCL Division 1b"]
[Site "Birmingham, ENG ENG"]
[Date "2016.02.13"]
[Round "5.175"]
[White "Rogers, Jonathan W"]
[Black "Beckett, Chris J"]
[Result "0-1"]
[WhiteElo "2292"]
[BlackElo "2143"]
[PlyCount "106"]
[EventDate "2016.02.13"]
[WhiteTeam "Barbican 4NCL 2"]
[BlackTeam "Cambridge University 1"]

1. d4 e6 2. Nf3 Nf6 3. Bg5 h6 4. Bh4 d6 5. Nbd2 g5 6. Bg3 Nh5 7. e4 Bg7 8. c3
Qe7 9. Bd3 Nd7 10. O-O O-O 11. e5 dxe5 12. Bxe5 Nxe5 13. Nxe5 Nf4 14. Ndf3 Nxd3
15. Qxd3 b6 16. Qe4 Ba6 17. Rfe1 c5 18. dxc5 bxc5 19. h4 Bb7 20. Qg4 gxh4 21.
Qh5 Rad8 22. c4 Qf6 23. Re2 Qf4 24. Nxh4 Rd4 25. g3 Qg5 26. Qxg5 hxg5 27. Nhf3
Bxf3 28. Nxf3 Rxc4 29. Rd1 g4 30. Ne5 Rd4 31. Rxd4 cxd4 32. Nxg4 Rc8 33. Kg2 f5
34. Ne5 Bxe5 35. Rxe5 Kf7 36. Re2 Kf6 37. Rd2 Ke5 38. Kf3 Kd5 39. Kf4 Rf8 40.
Re2 d3 41. Re5+ Kd6 42. Re1 e5+ 43. Ke3 e4 44. Kd4 Rc8 45. f3 Rc2 46. Rh1 d2
47. Rd1 exf3 48. Ke3 f2 49. Kxf2 Rxb2 50. a3 Ke5 51. Ke3 Rb3+ 52. Kxd2 Rxg3 53.
a4 Ra3 0-1

[Event "4NCL Division 1b"]
[Site "Birmingham, ENG ENG"]
[Date "2016.02.13"]
[Round "5.176"]
[White "Hill, Alistair"]
[Black "Moss, Guy"]
[Result "1-0"]
[WhiteElo "2164"]
[BlackElo "2155"]
[PlyCount "119"]
[EventDate "2016.02.13"]
[WhiteTeam "Cambridge University 1"]
[BlackTeam "Barbican 4NCL 2"]

1. e4 c5 2. Nf3 d6 3. Bb5+ Bd7 4. Bxd7+ Qxd7 5. c4 Nf6 6. Nc3 Nc6 7. O-O g6 8.
d3 Bg7 9. h3 O-O 10. Be3 e6 11. Rc1 b6 12. d4 cxd4 13. Nxd4 Rac8 14. b3 Rfd8
15. Qd2 Qb7 16. Nxc6 Qxc6 17. Qd3 Nd7 18. Bd4 Nc5 19. Qe3 f6 20. Rfd1 Nd7 21.
Nb5 Ra8 22. Bb2 Ne5 23. Rc3 a6 24. Nd4 Qe8 25. Nf3 Nxf3+ 26. Qxf3 f5 27. Rc2
Bxb2 28. Rxb2 Ra7 29. Rbd2 Rad7 30. exf5 gxf5 31. Rxd6 Rxd6 32. Rxd6 Rxd6 33.
Qg3+ Qg6 34. Qxd6 Qf6 35. Qxb6 Qa1+ 36. Kh2 Qe5+ 37. Kg1 Qe1+ 38. Kh2 Qe5+ 39.
g3 f4 40. Qd8+ Kf7 41. Qd3 fxg3+ 42. Qxg3 Qb2 43. a4 a5 44. Qe3 Qc2 45. Kg3 Ke7
46. c5 Kd7 47. Qd4+ Kc8 48. Qc4 Qg6+ 49. Qg4 Qd3+ 50. Qf3 Qg6+ 51. Kh2 Qg5 52.
Qc6+ Kb8 53. Qb6+ Ka8 54. Qxa5+ Kb8 55. Qb6+ Ka8 56. Qa6+ Kb8 57. Qd6+ Ka8 58.
c6 e5 59. Qf8+ Ka7 60. Qc5+ 1-0

[Event "4NCL Division 1b"]
[Site "Birmingham, ENG ENG"]
[Date "2016.02.13"]
[Round "5.177"]
[White "O'Toole, George E"]
[Black "Chevannes, Sabrina L"]
[Result "1-0"]
[WhiteElo "2234"]
[BlackElo "2096"]
[PlyCount "59"]
[EventDate "2016.02.13"]
[WhiteTeam "Barbican 4NCL 2"]
[BlackTeam "Cambridge University 1"]

1. e4 c6 2. c4 d5 3. exd5 cxd5 4. cxd5 Nf6 5. Bb5+ Nbd7 6. Nc3 a6 7. Be2 Nb6 8.
Nf3 g6 9. d4 Bg7 10. Ne5 Nfxd5 11. O-O O-O 12. Bf3 Nxc3 13. bxc3 Qc7 14. Re1
Rd8 15. Qe2 Be6 16. Bf4 Qc8 17. Rab1 Nd5 18. Bxd5 Rxd5 19. Nc4 Rf5 20. Nb6 Qc6
21. Nxa8 Rxf4 22. d5 Bxd5 23. Qxe7 Bxg2 24. Rb4 Rf5 25. Qd8+ Bf8 26. Re8 Bh1
27. Rxf8+ Kg7 28. Rg8+ Kh6 29. Rh4+ Rh5 30. Qd2+ 1-0

[Event "4NCL Division 1b"]
[Site "Birmingham, ENG ENG"]
[Date "2016.02.13"]
[Round "5.178"]
[White "Churm, Rohan M"]
[Black "Bhatia, Kanwal K"]
[Result "1/2-1/2"]
[WhiteElo "2127"]
[BlackElo "2078"]
[PlyCount "85"]
[EventDate "2016.02.13"]
[WhiteTeam "Cambridge University 1"]
[BlackTeam "Barbican 4NCL 2"]

1. e4 e5 2. Nf3 Nc6 3. Bb5 a6 4. Bxc6 dxc6 5. O-O Bd6 6. d4 exd4 7. Qxd4 f6 8.
Be3 Be6 9. Nbd2 Ne7 10. Qc3 O-O 11. Nc4 Qe8 12. Rad1 Rd8 13. Nd4 Bf7 14. Rfe1
c5 15. Ne2 b5 16. Nxd6 cxd6 17. b3 Qc6 18. f3 Rfe8 19. Nf4 b4 20. Qd2 a5 21. c4
bxc3 22. Qxc3 a4 23. bxa4 Qxa4 24. a3 Nc6 25. Nd3 Bb3 26. Ra1 c4 27. Nf4 Na7
28. Bxa7 Qxa7+ 29. Kf1 Ra8 30. Nd5 Reb8 31. Ne3 Qc5 32. Rec1 Rc8 33. Nd5 Rcb8
34. Qe3 Qa5 35. Kf2 Kh8 36. Qd4 Qa7 37. Ke3 f5 38. Qxa7 Rxa7 39. a4 fxe4 40.
fxe4 Rxa4 41. Rxa4 Bxa4 42. Rxc4 Bb3 43. Rc6 1/2-1/2

[Event "4NCL Division 1b"]
[Site "Birmingham, ENG ENG"]
[Date "2016.02.13"]
[Round "5.181"]
[White "Carron, Julien"]
[Black "Chow, Sam"]
[Result "1/2-1/2"]
[WhiteElo "2358"]
[BlackElo "2313"]
[PlyCount "69"]
[EventDate "2016.02.13"]
[WhiteTeam "Sussex Martlets 1"]
[BlackTeam "South Wales Dragons"]

1. d4 Nf6 2. c4 g6 3. Nc3 d5 4. cxd5 Nxd5 5. Bd2 Nb6 6. Nf3 Bg7 7. Bg5 O-O 8.
Rc1 h6 9. Bh4 g5 10. Bg3 c5 11. dxc5 Bxc3+ 12. Rxc3 Qxd1+ 13. Kxd1 Na4 14. Rc1
Nxb2+ 15. Ke1 Bf5 16. Nd2 Nd7 17. e4 Be6 18. h4 Rac8 19. hxg5 hxg5 20. Rb1 Na4
21. c6 bxc6 22. Rb7 Nac5 23. Rb2 Kg7 24. f3 Rh8 25. Rxh8 Rxh8 26. Rc2 Rh1 27.
Ke2 g4 28. Bf2 gxf3+ 29. gxf3 Rh5 30. Bd4+ Kf8 31. f4 Bg4+ 32. Ke3 Ne6 33. Rxc6
Nxd4 34. Kxd4 Ra5 35. Ra6 1/2-1/2

[Event "4NCL Division 1b"]
[Site "Birmingham, ENG ENG"]
[Date "2016.02.13"]
[Round "5.182"]
[White "Toma, Katarzyna"]
[Black "Tarhon, Brian"]
[Result "0-1"]
[WhiteElo "2310"]
[BlackElo "2271"]
[PlyCount "88"]
[EventDate "2016.02.13"]
[WhiteTeam "South Wales Dragons"]
[BlackTeam "Sussex Martlets 1"]

1. e4 c5 2. Nc3 e6 3. Nf3 d6 4. d4 cxd4 5. Nxd4 a6 6. a4 b6 7. Bd3 Nf6 8. O-O
Bb7 9. f4 d5 10. e5 Bc5 11. Be3 Nc6 12. exf6 Qxf6 13. Nce2 Nxd4 14. Nxd4 Bxd4
15. Bb5+ axb5 16. Bxd4 Qf5 17. axb5 O-O 18. Rxa8 Rxa8 19. Qe2 h5 20. h3 h4 21.
c3 Ra4 22. Qf2 Bc8 23. Qxh4 f6 24. Qf2 Qd3 25. Bxf6 gxf6 26. Qxb6 Rc4 27. Rf3
Qg6 28. b3 Re4 29. Qd8+ Kh7 30. Qc7+ Qg7 31. Qxc8 Re2 32. g4 Qa7+ 33. b6 Qxb6+
34. Kf1 Ra2 35. Qd7+ Kg8 36. Qe8+ Kg7 37. Qe7+ Kg8 38. Qe8+ Kg7 39. Qe7+ Kg8
40. Qxf6 Ra1+ 41. Ke2 Ra2+ 42. Kd3 Qb5+ 43. Kd4 Rd2+ 44. Ke5 d4+ 0-1

[Event "4NCL Division 1b"]
[Site "Birmingham, ENG ENG"]
[Date "2016.02.13"]
[Round "5.183"]
[White "Cumming, Rhys"]
[Black "Cooper, John G"]
[Result "1-0"]
[WhiteElo "2155"]
[BlackElo "2276"]
[PlyCount "161"]
[EventDate "2016.02.13"]
[WhiteTeam "Sussex Martlets 1"]
[BlackTeam "South Wales Dragons"]

1. d4 e6 2. c4 Bb4+ 3. Nc3 c5 4. e3 Nc6 5. Nge2 cxd4 6. exd4 d5 7. a3 Bxc3+ 8.
Nxc3 Nge7 9. cxd5 exd5 10. Bb5 O-O 11. Bg5 Qb6 12. Bxe7 Nxe7 13. O-O Nf5 14.
Bd3 Qxb2 15. Nxd5 Be6 16. Bxf5 Bxd5 17. Bxh7+ Kxh7 18. Qd3+ Kg8 19. Rfb1 Bc4
20. Qxc4 Rac8 21. Qd3 Qc2 22. Qxc2 Rxc2 23. Rxb7 Rd8 24. Rxa7 Rxd4 25. g3 Rdd2
26. Rf1 Ra2 27. h4 g6 28. Ra4 Kg7 29. Kg2 Rd3 30. Rf4 Rdxa3 31. Rb1 Ra4 32. Rf3
R2a3 33. Rbb3 Rxb3 34. Rxb3 Rc4 35. Rb5 Ra4 36. Rc5 Rb4 37. Rc6 Ra4 38. Rb6 Rc4
39. Rb1 Ra4 40. Kh3 Rc4 41. Rb2 Ra4 42. Rb5 Kh6 43. Rb3 Rc4 44. f3 Kg7 45. g4
Rc5 46. Kg3 Ra5 47. Rb2 Rc5 48. Rh2 Rc4 49. h5 gxh5 50. Rxh5 Kg6 51. Ra5 f6 52.
Ra8 Rc3 53. Ra2 Rb3 54. Re2 Ra3 55. Kf4 Ra4+ 56. Re4 Ra1 57. Re3 Ra4+ 58. Kg3
Ra1 59. Rb3 Rc1 60. Ra3 Rb1 61. f4 Rb4 62. Ra7 Rb1 63. Ra6 Rg1+ 64. Kf3 Kf7 65.
f5 Ke7 66. Ra7+ Kf8 67. Ke4 Rxg4+ 68. Kd5 Rb4 69. Rd7 Ke8 70. Rc7 Kd8 71. Rh7
Rb6 72. Rf7 Ra6 73. Rb7 Ke8 74. Rc7 Ra5+ 75. Rc5 Ra7 76. Kd6 Re7 77. Rc8+ Kf7
78. Rc7 Rxc7 79. Kxc7 Kg7 80. Kd7 Kh6 81. Ke7 1-0

[Event "4NCL Division 1b"]
[Site "Birmingham, ENG ENG"]
[Date "2016.02.13"]
[Round "5.184"]
[White "Kett, Tim"]
[Black "Willson, Ollie"]
[Result "1/2-1/2"]
[WhiteElo "2179"]
[BlackElo "2065"]
[PlyCount "59"]
[EventDate "2016.02.13"]
[WhiteTeam "South Wales Dragons"]
[BlackTeam "Sussex Martlets 1"]

1. e4 c5 2. Be2 Nc6 3. f4 e6 4. Nf3 d5 5. d3 Nf6 6. Nc3 d4 7. Nb1 c4 8. O-O
cxd3 9. Bxd3 Bc5 10. Nbd2 O-O 11. Nb3 Bb6 12. Bd2 e5 13. f5 Qd6 14. Kh1 Bc7 15.
Qe1 b6 16. Rd1 Bb7 17. Qh4 a5 18. g4 Nb4 19. g5 Ne8 20. Rg1 g6 21. f6 h5 22.
Nc1 Kh7 23. Ne2 Qc6 24. Qe1 Nxc2 25. Qf2 Nb4 26. Bxb4 axb4 27. Ng3 Qe6 28. Qe2
Nd6 29. Rc1 Rac8 30. Nxh5 1/2-1/2

[Event "4NCL Division 1b"]
[Site "Birmingham, ENG ENG"]
[Date "2016.02.13"]
[Round "5.185"]
[White "Graham, David B"]
[Black "Williamson, Roger G"]
[Result "1/2-1/2"]
[WhiteElo "2121"]
[BlackElo "2187"]
[PlyCount "92"]
[EventDate "2016.02.13"]
[WhiteTeam "Sussex Martlets 1"]
[BlackTeam "South Wales Dragons"]

1. e4 e5 2. Nf3 Nc6 3. Bc4 Nf6 4. d4 exd4 5. O-O Nxe4 6. Re1 d5 7. Bxd5 Qxd5 8.
Nc3 Qh5 9. Nxe4 Be6 10. Bg5 Bd6 11. h4 h6 12. Nxd6+ cxd6 13. Bf4 Qd5 14. Nd2
O-O 15. Ne4 b5 16. Qf3 Ne5 17. Qg3 Ng6 18. Bxh6 Bf5 19. Nxd6 Bxc2 20. Rac1 d3
21. Bd2 Rad8 22. Ne4 Qh5 23. Qg5 Rd5 24. Qxh5 Rxh5 25. g3 Ne5 26. Kg2 Nc4 27.
b3 Nxd2 28. Nxd2 a5 29. Re4 Rc8 30. Rd4 Re5 31. Rxd3 Rec5 32. Ne4 R5c7 33. Rxc2
Rxc2 34. Rd5 Rb8 35. a4 bxa4 36. bxa4 Rc4 37. Nc5 Rc8 38. Nb3 Rxa4 39. Rxa5 Rb4
40. Nd2 Rd8 41. Nf3 Rb2 42. Ng5 Re8 43. Rf5 f6 44. Nh3 Ree2 45. Ra5 Ra2 46. Rb5
Rab2 1/2-1/2

[Event "4NCL Division 1b"]
[Site "Birmingham, ENG ENG"]
[Date "2016.02.13"]
[Round "5.186"]
[White "Zeidler, Sven P"]
[Black "Norinkeviciute, Rasa"]
[Result "1-0"]
[WhiteElo "2172"]
[BlackElo "2040"]
[PlyCount "61"]
[EventDate "2016.02.13"]
[WhiteTeam "South Wales Dragons"]
[BlackTeam "Sussex Martlets 1"]

1. e4 c5 2. f4 d5 3. exd5 Qxd5 4. Nc3 Qd8 5. Nf3 Nc6 6. Bc4 Nf6 7. Ne5 Nxe5 8.
fxe5 Qd4 9. Bb5+ Nd7 10. e6 fxe6 11. Qe2 a6 12. Qxe6 Kd8 13. Ne2 Qh4+ 14. g3
Qf6 15. Bc4 Qxe6 16. Bxe6 Nf6 17. Nf4 Bd7 18. O-O g6 19. Re1 Rc8 20. b3 Rc6 21.
Bb2 Bg7 22. Re2 Nh5 23. Bxg7 Nxg7 24. Bd5 Rc7 25. Rae1 Bf5 26. d3 Rf8 27. Bg2
Rd7 28. Re5 b6 29. Nd5 b5 30. Rxe7 Rxe7 31. Rxe7 1-0

[Event "4NCL Division 1b"]
[Site "Birmingham, ENG ENG"]
[Date "2016.02.13"]
[Round "5.187"]
[White "Grant, David J"]
[Black "Jameson, David"]
[Result "1/2-1/2"]
[WhiteElo "2085"]
[BlackElo "2099"]
[PlyCount "63"]
[EventDate "2016.02.13"]
[WhiteTeam "Sussex Martlets 1"]
[BlackTeam "South Wales Dragons"]

1. e4 e5 2. Nf3 Nc6 3. Bb5 a6 4. Ba4 Nf6 5. O-O Nxe4 6. d4 b5 7. Bb3 d5 8. dxe5
Be6 9. Nbd2 Nc5 10. c3 d4 11. Ng5 Qxg5 12. Qf3 O-O-O 13. Bxe6+ fxe6 14. Qxc6
Qxe5 15. b4 Qd5 16. Qxd5 exd5 17. bxc5 dxc3 18. Nb3 d4 19. Ba3 g6 20. Bb4 Bg7
21. Rac1 Rhe8 22. f4 d3 23. a3 Re2 24. Rf2 d2 25. Rxe2 dxc1=Q+ 26. Nxc1 Rd1+
27. Kf2 Rxc1 28. c6 Rd1 29. g4 Bd4+ 30. Kf3 Kb8 31. Ke4 Ka7 32. Ba5 1/2-1/2

[Event "4NCL Division 1b"]
[Site "Birmingham, ENG ENG"]
[Date "2016.02.13"]
[Round "5.188"]
[White "Smith, Olivia"]
[Black "Sutton, Daniel"]
[Result "1-0"]
[WhiteElo "1994"]
[BlackElo "1975"]
[PlyCount "81"]
[EventDate "2016.02.13"]
[WhiteTeam "South Wales Dragons"]
[BlackTeam "Sussex Martlets 1"]

1. e4 e5 2. d4 exd4 3. Nf3 Nc6 4. Nxd4 Nf6 5. Nc3 Bb4 6. Nxc6 bxc6 7. Bd3 d5 8.
exd5 cxd5 9. O-O O-O 10. Bg5 c6 11. Qf3 Be7 12. h3 h6 13. Bh4 Re8 14. Rfe1 Be6
15. Ne2 g5 16. Bg3 c5 17. Bb5 Bd7 18. Bxd7 Qxd7 19. Be5 Ne4 20. Rad1 Rad8 21.
c4 Qe6 22. Bc7 Rd7 23. cxd5 Rxd5 24. Rxd5 Qxd5 25. Nf4 gxf4 26. Qxe4 Qxe4 27.
Rxe4 f3 28. gxf3 Kf8 29. Bf4 Bg5 30. Rxe8+ Kxe8 31. Bxg5 hxg5 32. f4 f6 33.
fxg5 fxg5 34. f4 gxf4 35. Kf2 Kf7 36. Kf3 Kg6 37. Kxf4 Kf6 38. a4 a5 39. b3 Ke6
40. Ke4 Kf6 41. Kd5 1-0

[Event "4NCL Division 1b"]
[Site "Birmingham, ENG"]
[Date "2016.03.19"]
[Round "7.151"]
[White "Sadler, Matthew D"]
[Black "Chow, Sam"]
[Result "1-0"]
[WhiteElo "2666"]
[BlackElo "2329"]
[PlyCount "125"]
[EventDate "2016.03.19"]
[WhiteTeam "Guildford 1"]
[BlackTeam "South Wales Dragons"]

1. e4 e6 2. d3 d5 3. Nd2 c5 4. g3 Bd6 5. Bg2 Ne7 6. Ngf3 Nbc6 7. O-O O-O 8. Re1
Qc7 9. a3 f6 10. d4 cxd4 11. exd5 Nxd5 12. Nb3 Rd8 13. Qe2 Bf8 14. Nfxd4 Nxd4
15. Nxd4 e5 16. Nb5 Qf7 17. c4 Nc7 18. Nxc7 Qxc7 19. Bd5+ Kh8 20. Qh5 g6 21.
Qf3 Bg7 22. b4 Rb8 23. Be3 b6 24. Rad1 Bd7 25. b5 Qc8 26. Bc6 Be6 27. Rxd8+
Qxd8 28. Rd1 Qe7 29. Bd5 Bd7 30. Bd2 f5 31. Bb4 Qf6 32. Bc6 Be6 33. Bd6 Rc8 34.
c5 bxc5 35. Bxc5 Qf7 36. a4 h5 37. Rd2 g5 38. Qd1 Bf6 39. Rd6 Rc7 40. Bd5 Bxd5
41. Qxd5 Kg7 42. a5 Qxd5 43. Rxd5 Kf7 44. a6 Be7 45. Bxe7 Rxe7 46. Rd6 e4 47.
Rh6 Kg7 48. Rxh5 Re5 49. Rxg5+ Kf6 50. Rg8 Rxb5 51. Ra8 Rb1+ 52. Kg2 Rb2 53.
Kf1 e3 54. fxe3 Ke5 55. Rxa7 Ke4 56. Ra8 Kf3 57. Ke1 Rxh2 58. a7 Rh7 59. g4 Re7
60. Kd2 Rd7+ 61. Kc3 Re7 62. Kd4 Rd7+ 63. Kc5 1-0

[Event "4NCL Division 1b"]
[Site "Birmingham, ENG"]
[Date "2016.03.19"]
[Round "7.152"]
[White "Toma, Katarzyna"]
[Black "Jones, Gawain C B"]
[Result "0-1"]
[WhiteElo "2311"]
[BlackElo "2645"]
[PlyCount "58"]
[EventDate "2016.03.19"]
[WhiteTeam "South Wales Dragons"]
[BlackTeam "Guildford 1"]

1. e4 c5 2. Nf3 d6 3. d4 cxd4 4. Qxd4 Nc6 5. Bb5 a6 6. Bxc6+ bxc6 7. c4 e5 8.
Qd3 Nf6 9. Nc3 Be7 10. O-O Qc7 11. Rd1 O-O 12. b3 Bb7 13. Bb2 Rad8 14. Rac1 Nh5
15. Ne2 c5 16. Nc3 Nf4 17. Qe3 Qc8 18. h3 Qe6 19. Kh2 f5 20. Nd5 Bxd5 21. cxd5
Qg6 22. g3 fxe4 23. gxf4 Rxf4 24. Nxe5 dxe5 25. Bxe5 Rf3 26. Qe2 Rdf8 27. Rc2
Rxf2+ 28. Qxf2 Rxf2+ 29. Rxf2 Qh5 0-1

[Event "4NCL Division 1b"]
[Site "Birmingham, ENG"]
[Date "2016.03.19"]
[Round "7.153"]
[White "Edouard, Romain"]
[Black "Cooper, John G"]
[Result "1-0"]
[WhiteElo "2620"]
[BlackElo "2275"]
[PlyCount "81"]
[EventDate "2016.03.19"]
[WhiteTeam "Guildford 1"]
[BlackTeam "South Wales Dragons"]

1. Nf3 Nf6 2. c4 b6 3. g3 Bb7 4. Bg2 e6 5. O-O Be7 6. d4 O-O 7. Nc3 Na6 8. Re1
Ne4 9. Bd2 d5 10. cxd5 exd5 11. Ne5 c5 12. Be3 Qe8 13. Qb1 Nf6 14. Qf5 Rd8 15.
Rad1 Nc7 16. dxc5 bxc5 17. Bg5 g6 18. Qc2 Ne6 19. Bxf6 Bxf6 20. Ng4 Bg7 21.
Nxd5 Bxd5 22. Rxd5 Qb5 23. Red1 Rxd5 24. Bxd5 Nd4 25. Qc4 Nxe2+ 26. Kg2 Qxc4
27. Bxc4 Nd4 28. Re1 Nf5 29. b3 Bd4 30. Ne5 Kg7 31. Nc6 Bf6 32. a4 a5 33. Rc1
Bb2 34. Rd1 Nd4 35. Nxa5 Rb8 36. Rd3 Ba3 37. Bd5 Kf6 38. Nc6 Nxc6 39. Bxc6 c4
40. bxc4 Rb2 41. Rxa3 1-0